00969cgm a2200229 450000500170000000700100001700800410002702000180006802000150008608200200010124501340012126000490025530000550030465000330035965000360039265000560042865300200048471000530050494200250055799900170058295201400059920140721131047.0vd cgaizm140721t2011 xx 35 f |||| 0| vleng d a9781111055776 a111105577704222a428.43bREA00aReading explorer introh[videorecording] :bvideo on DVD : pre-elementary : 500-800 headwords : CEF A1-A2 /cNational Geographic. a[S. l.] :bHeinle Cengage Learning,cc.2011. a1 videodisc (35:18 min.) :bsd., col. ;c4 3/4 in. 0913995aReading comprehension 0935962aDiscoveries in geography 0936062aEnglish languagevFilms for foreign speakers bEEENGcJuly20142 aNational Geographic Digital Motion (Firm)936061 2ddccDVDk428.43 REA c18374d18346 00102ddc40708ILBaMAINbMAINc2NDd2014-07-21epurchaseg270.00h4033l0o428.43 REAp000036089r2022-08-24 00:00:00v337.50yCDVDN